INTEGERETED EMPLOYENMENT CURRENT STUTES AND FUTURE DIRECTION (Record no. 8402)

MARC details
000 -LEADER
fixed length control field 00421nam a22001697a 4500
003 - CONTROL NUMBER IDENTIFIER
control field OSt
005 - DATE AND TIME OF LATEST TRANSACTION
control field 20211001111208.0
008 - FIXED-LENGTH DATA ELEMENTS--GENERAL INFORMATION
fixed length control field 211001b |||||||| |||| 00| 0 eng d
020 ## - INTERNATIONAL STANDARD BOOK NUMBER
International Standard Book Number 0940898470
040 ## - CATALOGING SOURCE
Transcribing agency HU
082 ## - DEWEY DECIMAL CLASSIFICATION NUMBER
Classification number 331
100 ## - MAIN ENTRY--PERSONAL NAME
Personal name WILL8IAM E. KIERNAN
9 (RLIN) 9051
245 ## - TITLE STATEMENT
Title INTEGERETED EMPLOYENMENT CURRENT STUTES AND FUTURE DIRECTION
260 ## - PUBLICATION, DISTRIBUTION, ETC.
Place of publication, distribution, etc. USA
Name of publisher, distributor, etc. AMERICA
Date of publication, distribution, etc. 1997
300 ## - PHYSICAL DESCRIPTION
Extent 142
942 ## - ADDED ENTRY ELEMENTS (KOHA)
Source of classification or shelving scheme Dewey Decimal Classification
Koha item type Books like text book referance book
Suppress in OPAC No
Holdings
Withdrawn status Lost status Source of classification or shelving scheme Damaged status Not for loan Home library Current library Shelving location Date acquired Total Checkouts Full call number Barcode Date last seen Copy number Price effective from Koha item type
    Dewey Decimal Classification     College of Business and Economics Library College of Business and Economics Library General Stacks 10/01/2021   331/INT MBELIB000000706 10/01/2021 1 10/01/2021 Books like text book referance book
    Dewey Decimal Classification     College of Business and Economics Library College of Business and Economics Library General Stacks 10/01/2021   331/INT MBELIB000000707 10/01/2021 2 10/01/2021 Books like text book referance book
    Dewey Decimal Classification     College of Business and Economics Library College of Business and Economics Library General Stacks 10/01/2021   331/INT MBELIB000000708 10/01/2021 3 10/01/2021 Books like text book referance book